<?xml version="1.0" encoding="UTF-8"?>
<record
    xmlns:xsi="http://www.w3.org/2001/XMLSchema-instance"
    xsi:schemaLocation="http://www.loc.gov/MARC21/slim http://www.loc.gov/standards/marcxml/schema/MARC21slim.xsd"
    xmlns="http://www.loc.gov/MARC21/slim">

  <leader>01227njm a22002777a 4500</leader>
  <controlfield tag="005">20100915153538.0</controlfield>
  <controlfield tag="006">a|||||r|||||00| 0 </controlfield>
  <controlfield tag="007">sd ammalaaahaa</controlfield>
  <controlfield tag="008">100910t        xxu||||| |||| 00| 0 eng d</controlfield>
  <datafield tag="028" ind1=" " ind2=" ">
    <subfield code="a">EMGE-12351</subfield>
    <subfield code="b">EMI.</subfield>
  </datafield>
  <datafield tag="035" ind1=" " ind2=" ">
    <subfield code="a">GR-02749</subfield>
  </datafield>
  <datafield tag="040" ind1=" " ind2=" ">
    <subfield code="a">SED/VEN</subfield>
  </datafield>
  <datafield tag="100" ind1=" " ind2=" ">
    <subfield code="9">1184</subfield>
    <subfield code="a">Ravi Shanker </subfield>
  </datafield>
  <datafield tag="245" ind1=" " ind2=" ">
    <subfield code="a">Sitar &amp; Sarod -Dhun :  </subfield>
    <subfield code="h">Sound Recording </subfield>
    <subfield code="c">by Ravi Shanker ,Ali Akbar Khan</subfield>
    <subfield code="b">Palas Kafi /</subfield>
  </datafield>
  <datafield tag="246" ind1=" " ind2=" ">
    <subfield code="a">&#x938;&#x93F;&#x924;&#x93E;&#x930; &amp; &#x938;&#x930;&#x94B;&#x926;  -&#x927;&#x941;&#x928;  (&#x92A;&#x932;&#x93E;&#x938;  &#x915;&#x93E;&#x92B;&#x940; )</subfield>
  </datafield>
  <datafield tag="260" ind1=" " ind2=" ">
    <subfield code="a">Dum Dum, India</subfield>
    <subfield code="b">EMI</subfield>
    <subfield code="c">1976</subfield>
  </datafield>
  <datafield tag="300" ind1=" " ind2=" ">
    <subfield code="a">1 sound disc : [Gramophone Record]</subfield>
    <subfield code="b">analog, 33 1/3 rpm</subfield>
    <subfield code="c">12 in. (LP)</subfield>
    <subfield code="f">Gramophone Records</subfield>
  </datafield>
  <datafield tag="500" ind1=" " ind2=" ">
    <subfield code="a">Brief record.</subfield>
  </datafield>
  <datafield tag="500" ind1=" " ind2=" ">
    <subfield code="a">EMI</subfield>
  </datafield>
  <datafield tag="500" ind1=" " ind2=" ">
    <subfield code="a">Purpal &amp;Firoji</subfield>
  </datafield>
  <datafield tag="505" ind1=" " ind2=" ">
    <subfield code="a">&#x92A;&#x93E;&#x930;&#x94D;&#x91F; &#x968;  &#x938;&#x93F;&#x924;&#x93E;&#x930;  &#x938;&#x930;&#x94B;&#x926;  -&#x905;&#x932;&#x93E;&#x92A;  &#x91C;&#x94B;&#x921;&#x93C;  &#x91D;&#x93E;&#x932;&#x93E;  &#x935;  &#x917;&#x924;  ( &#x917;&#x94D;&#x92F;&#x93E;&#x92A;&#x94D;&#x924;&#x93E;&#x932; ) &#x930;&#x93E;&#x917;  &#x92C;&#x93F;&#x932;&#x93E;&#x938;&#x916;&#x93E;&#x928;&#x940;     &#x925;&#x94B;&#x921;&#x93C;&#x940;  Part 2 Sitar Sarod -alap jod jhala va gat (gyaptal) Rag bilaskhani thodi</subfield>
  </datafield>
  <datafield tag="650" ind1=" " ind2=" ">
    <subfield code="x">Excerpts</subfield>
    <subfield code="z">India</subfield>
    <subfield code="9">19370</subfield>
    <subfield code="a">Instrumental </subfield>
  </datafield>
  <datafield tag="700" ind1=" " ind2=" ">
    <subfield code="9">20029</subfield>
    <subfield code="a">Ali Akbar Khan</subfield>
  </datafield>
  <datafield tag="942" ind1=" " ind2=" ">
    <subfield code="2">ddc</subfield>
    <subfield code="c">GR</subfield>
  </datafield>
  <datafield tag="999" ind1=" " ind2=" ">
    <subfield code="c">46047</subfield>
    <subfield code="d">46047</subfield>
  </datafield>
  <datafield tag="952" ind1=" " ind2=" ">
    <subfield code="0">0</subfield>
    <subfield code="1">0</subfield>
    <subfield code="2">ddc</subfield>
    <subfield code="4">0</subfield>
    <subfield code="7">1</subfield>
    <subfield code="8">NFIC</subfield>
    <subfield code="a">L</subfield>
    <subfield code="b">L</subfield>
    <subfield code="d">2010-09-15</subfield>
    <subfield code="e">SED/VEN</subfield>
    <subfield code="l">0</subfield>
    <subfield code="p">GR-02749</subfield>
    <subfield code="r">2010-09-15 00:00:00</subfield>
    <subfield code="t">1</subfield>
    <subfield code="w">2010-09-15</subfield>
    <subfield code="y">GR</subfield>
  </datafield>
</record>
